Culture Générale - Série 1481 - Statistiques

Statistiques générales
  • Ce quiz a été pris 121 fois
  • Le résultat moyen est 7 sur 10
Statistiques - réponses
Hint Réponse % Correct
Quel petit insecte travailleur tire son nom du mot latin "formica" ? fourmi
97%
Jusqu'au 31 décembre 1992, la République Tchèque et la Slovaquie ne formaient qu'un seul et même pays. Lequel ? Tchécoslovaquie
90%
Quel mot signifiant "deux fois" en latin crie-t-on à la fin d'un concert pour faire un rappel ? bis
87%
Quel nom d'instrument à vent donne-t-on à un pain mince et allongé ? flûte
87%
Quelle célèbre danseuse, incarnée au cinéma par Greta Garbo, fut accusée d'espionnage et fusillée à Vincennes en 1917 ? Mata Hari
77%
Quel pays d'Amérique du Sud était appelé Guyane hollandaise avant son indépendance en 1975 ? Suriname
76%
De quel génie de la chanson française Bambou fut-elle la dernière compagne ? Serge Gainsbourg
74%
Au lieu des actuelles bandes blanches, qu'est-ce qui délimitait autrefois, les passages pour piétons ? clous
63%
Quel est le pseudonyme de Didier Morville, rappeur français d'origine martiniquaise ? Joey Starr
49%
Quel mot composé désigne le mouton qui a brouté dans les prés voisins de la mer ? pré-salé
49%
Aucun quiz correspondant
Distribution des résultats
% des personnes avec chaque résultat
Percentile par nombre de réponses
Votre historique - résultats
Vous n’avez pas pris ce quiz